Towhees, Sparrows, Juncos, and Longspurs of North America - Statistics

General Stats
  • This quiz has been taken 17 times
  • The average score is 25 of 50
Answer Stats
Picture Answer % Correct
Spotted Towhee
100%
Eastern Towhee
91%
American Tree Sparrow
82%
Chipping Sparrow
73%
Dark-Eyed Junco
73%
Fox Sparrow
73%
Golden-Crowned Sparrow
73%
Green-Tailed Towhee
73%
Lark Sparrow
73%
Lincoln's Sparrow
73%
Song Sparrow
73%
White-Crowned Sparrow
73%
White-Throated Sparrow
73%
California Towhee
64%
Chestnut-Collared Longspur
64%
Savannah Sparrow
64%
Snow Bunting
64%
Abert's Towhee
55%
Canyon Towhee
55%
Field Sparrow
55%
Harris's Sparrow
55%
Lapland Longspur
55%
Nelson's Sharp-Tailed Sparrow
55%
Seaside Sparrow
55%
Yellow-Eyed Junco
55%
Baird's Sparrow
45%
Bell's Sparrow
45%
Black-Throated Sparrow
45%
Clay-Colored Sparrow
45%
Five-Striped Sparrow
45%
Olive Sparrow
45%
Vesper Sparrow
45%
Black-Chinned Sparrow
36%
Grasshopper Sparrow
36%
Henslow's Sparrow
36%
Le Conte's Sparrow
36%
McKay's Bunting
36%
Rufous-Crowned Sparrow
36%
Rufous-Winged Sparrow
36%
Sagebrush Sparrow
36%
Saltmarsh Sharp-Tailed Sparrow
36%
Smith's Longspur
36%
Swamp Sparrow
36%
Botteri's Sparrow
27%
Cinnamon-rumped Seedeater
27%
Morelet's Seedeater
27%
Bachman's Sparrow
18%
Cassin's Sparrow
18%
Brewer's Sparrow
9%
McCown's Longspur
9%
No matching quizzes found
Score Distribution
Percent of People with Each Score
Percentile by Number Answered
Your Score History
You have not taken this quiz